Examen de ingenios / (Record no. 72609)

MARC details
000 -LEADER
campo de control de longitud fija 00519nam a2200157 i 4500
001 - NÚMERO DE CONTROL
campo de control 72609
003 - IDENTIFICADOR DE NÚMERO DE CONTROL
campo de control ES-MaACL
005 - FECHA Y HORA DE LA ÚLTIMA TRANSACCIÓN
campo de control 20230906171506.0
007 - CAMPO FIJO DE DESCRIPCIÓN FÍSICA--INFORMACIÓN GENERAL
campo de control de longitud fija t|
008 - DATOS DE LONGITUD FIJA--INFORMACIÓN GENERAL
campo de control de longitud fija 040902s1912 sp ||||1| spa d
100 1# - ENTRADA PRINCIPAL--NOMBRE DE PERSONA
Nombre de persona Givanel Mas, J. (
Fechas asociadas al nombre 1868-1946)
9 (RLIN) 57380
245 10 - MENCIÓN DEL TÍTULO
Título Examen de ingenios /
Mención de responsabilidad, etc. Joan Givanel i Mas.
260 ## - PUBLICACIÓN, DISTRIBUCIÓN, ETC.
Lugar de publicación, distribución, etc. Madrid :
Nombre del editor, distribuidor, etc. [s.n.],
Fecha de publicación, distribución, etc. 1912.
505 8# - NOTA DE CONTENIDO CON FORMATO
Nota de contenido con formato Contiene: I.: Apostillas, comentarios y glosas al comentario de "Don Quijote" editado por Don Francisco Rodriguez Marin
852 ## - LOCALIZACIÓN
Ubicación ES-MaACL
Número de control de estantería T-1318-F-4
Holdings
Estatus retirado Estado de pérdida Estado de daño No para préstamo Colección Biblioteca de origen Biblioteca actual Ubicación en estantería Fecha de adquisición Fuente de adquisición Total de préstamos Signatura topográfica completa Código de barras Visto por última vez Precio de reemplazo Tipo de ítem Koha
        Colección de folletos Biblioteca del Ateneo de Madrid Biblioteca del Ateneo de Madrid Depósito folletos 17/01/2008     T-1318-F-4 1076011 23/02/2023 23/02/2023 Folleto